Museos, universidad y mundialización. (Registro nro. 20507)

Detalles MARC
000 -CABECERA
Campo de control 01136nam a22002777a 4500
005 - FECHA Y HORA DE LA ULTIMA TRANSACCION
Campo de control 20191018070319.0
008 - ELEMENTOS DE LONGITUD FIJA—INFORMACION GENERAL
Campo de control 191018b xxu||||| |||| 00| 0 spa d
020 ## - ISBN
ISBN 9789587195736
040 ## - FUENTE DE CATALOGACIÓN
Agencia catalogadora original CO-BoIAVH
Agencia transcriptora CO-BoIAVH
041 ## - IDIOMA
Código de idioma para texto/pista de sonido o título separado Español
041 ## - IDIOMA
Código de idioma para texto/pista de sonido o título separado Francés
041 ## - IDIOMA
Código de idioma para texto/pista de sonido o título separado Inglés
044 ## - PAÍS DE PUBLICACIÓN
País de publicación Colombia
082 ## - NUMERO DE CLASIFICACION DECIMAL DEWEY
Número de clasificación 069.5
Número del ítem L95m
100 ## - ASIENTO PRINCIPAL--NOMBRE PERSONAL
9 (RLIN) 101720
Nombre personal López Rosas, William Alfonso
Títulos u otras palabras asociadas al nombre Compilador y editor
Término relacionado Compilador y editor
245 ## - MENCION DE TITULO
Título Museos, universidad y mundialización.
Parte restante del título La gestión de las colecciones y los museos universitarios en américa latina y el caribe.
260 ## - PUBLICACION, DISTRIBUCION, ETC. (PIE DE IMPRENTA)
Lugar de publicación, distribución, etc. Bogotá:
Nombre del editor, distribuidor, etc. Universidad Nacional de Colombia, Facultad de Artes,
Fecha de publicación, distribución, etc. 2010.
300 ## - DESCRIPCION FISICA
Extensión 190 Páginas:
Dimensiones 20 x 13 cm.
500 ## - NOTA GENERAL
Nota general Incluye nota del editor y anexos.
650 #0 - ASIENTO SECUNDARIO DE MATERIA - TERMINO TEMATICO
9 (RLIN) 91985
Término temático o nombre geográfico como elemento de entrada Patrimonio cultural
Subdivisión geográfica Colombia
650 #0 - ASIENTO SECUNDARIO DE MATERIA - TERMINO TEMATICO
9 (RLIN) 101722
Término temático o nombre geográfico como elemento de entrada Colección Museográfica
650 #0 - ASIENTO SECUNDARIO DE MATERIA - TERMINO TEMATICO
9 (RLIN) 101723
Término temático o nombre geográfico como elemento de entrada Museos universitarios
Subdivisión geográfica Latinoamerica
650 #0 - ASIENTO SECUNDARIO DE MATERIA - TERMINO TEMATICO
9 (RLIN) 101724
Término temático o nombre geográfico como elemento de entrada Evento cultural
Subdivisión de forma Sector académico
711 ## - ASIENTO SECUNDARIO - NOMBRE DE REUNION
9 (RLIN) 101721
Nombre de la reunión o nombre de la jurisdicción como elemento de entrada Memorias de la I Cátedra Latinoamericana de Museologia y Gestión del Patrimonio Cultural.
Lugar de la reunión Bogotá,
Fecha de la reunión o firma del tratado 7 al 10 de Mayo de 2007
942 ## - ELEMENTOS ADICIONALES (KOHA)
Sistema de clasificación Dewey Decimal Classification
Tipo de ítem Libro
Existencias
Withdrawn status Lost status Sistema de Clasificación Damaged status No para préstamo Colección Ubicación Permanente Ubicación actual Fecha de adquisición Total Checkouts Número topográfico Inventario / Código de Barras Date last seen Ejemplar Price effective from Forma de adquisición Tipo de material
    Dewey Decimal Classification     General Bogotá Bogotá 18/10/2019   LB-069.5 L95m 043611 18/10/2019 Ej.1 18/10/2019 Canje Libro